Collected papers of Bertrand Russell (Record no. 45439)

MARC details
000 -LEADER
fixed length control field 00485nam a2200145 4500
082 ## - DEWEY DECIMAL CLASSIFICATION NUMBER
Classification number 192
Item number RUS/REM
100 ## - MAIN ENTRY--PERSONAL NAME
Personal name Russell, Bertrand
245 ## - TITLE STATEMENT
Title Collected papers of Bertrand Russell
Statement of responsibility, etc. Bertrand Russell ;edited by Richard A. Rempel, Andrew Brink and Margaret Moran
260 ## - PUBLICATION, DISTRIBUTION, ETC.
Place of publication, distribution, etc. London
Name of publisher, distributor, etc. George Allen & Unwin
Date of publication, distribution, etc. c1985
300 ## - PHYSICAL DESCRIPTION
Extent v.; 24cm.
500 ## - GENERAL NOTE
General note v. 12 : Contemplation and action, 1002-14
710 ## - ADDED ENTRY--CORPORATE NAME
Corporate name or jurisdiction name as entry element Rempel, Richard A.
710 ## - ADDED ENTRY--CORPORATE NAME
Corporate name or jurisdiction name as entry element Brink, Andrew
710 ## - ADDED ENTRY--CORPORATE NAME
Corporate name or jurisdiction name as entry element Moran, Margaret
Holdings
Withdrawn status Lost status Damaged status Not for loan Collection code Home library Current library Date acquired Total Checkouts Full call number Barcode Date last seen Copy number Price effective from Koha item type
          North Eastern Hill University North Eastern Hill University 24/11/2011   192 RUS/REM 100234 24/11/2011 .12 24/11/2011 Books